<?xml version='1.0' encoding='UTF-8'?>
  <record xmlns="http://www.loc.gov/MARC21/slim">
    <leader>00000cam a22000007i 4500</leader>
    <controlfield tag="001">ocm65914100</controlfield>
    <controlfield tag="003">OCoLC</controlfield>
    <controlfield tag="005">20251202200158.5</controlfield>
    <controlfield tag="008">920522s1878    ne            000 0 dut d</controlfield>
    <datafield tag="040" ind1=" " ind2=" ">
      <subfield code="a">NLGGC</subfield>
      <subfield code="b">dut</subfield>
      <subfield code="e">fobidrtb</subfield>
      <subfield code="c">NLGGC</subfield>
      <subfield code="d">OCLCO</subfield>
      <subfield code="d">OCLCL</subfield>
      <subfield code="d">OCLCQ</subfield>
    </datafield>
    <datafield tag="029" ind1="0" ind2=" ">
      <subfield code="a">NLGGC</subfield>
      <subfield code="b">094810966</subfield>
    </datafield>
    <datafield tag="035" ind1=" " ind2=" ">
      <subfield code="a">(OCoLC)65914100</subfield>
    </datafield>
    <datafield tag="100" ind1="1" ind2=" ">
      <subfield code="a">Pütz, W.</subfield>
      <subfield code="q">(Wilhelm),</subfield>
      <subfield code="d">1806-1877.</subfield>
      <subfield code="1">https://id.oclc.org/worldcat/entity/E39PBJm4Q9hYKDWXtG9q8WH6Kd</subfield>
    </datafield>
    <datafield tag="245" ind1="1" ind2="0">
      <subfield code="a">W. Pütz' Grondbeginselen der vergelijkende aardrijkskunde /</subfield>
      <subfield code="c">onder medew. van J.J. Kreenen ; uit het Hoogd. bew. door J. Jurrius.</subfield>
    </datafield>
    <datafield tag="246" ind1="3" ind2=" ">
      <subfield code="a">Grondbeginselen der vergelijkende aardrijkskunde</subfield>
    </datafield>
    <datafield tag="250" ind1=" " ind2=" ">
      <subfield code="a">4e herz. en verm. dr.</subfield>
    </datafield>
    <datafield tag="260" ind1=" " ind2=" ">
      <subfield code="a">Sneek :</subfield>
      <subfield code="b">J.F. van Druten,</subfield>
      <subfield code="c">1878.</subfield>
    </datafield>
    <datafield tag="300" ind1=" " ind2=" ">
      <subfield code="a">XIV, 522 p. ;</subfield>
      <subfield code="c">8°</subfield>
    </datafield>
    <datafield tag="336" ind1=" " ind2=" ">
      <subfield code="a">tekst</subfield>
      <subfield code="b">txt</subfield>
      <subfield code="2">rdacontent/dut</subfield>
    </datafield>
    <datafield tag="337" ind1=" " ind2=" ">
      <subfield code="a">zonder medium</subfield>
      <subfield code="b">n</subfield>
      <subfield code="2">rdamedia/dut</subfield>
    </datafield>
    <datafield tag="338" ind1=" " ind2=" ">
      <subfield code="a">band</subfield>
      <subfield code="b">nc</subfield>
      <subfield code="2">rdacarrier/dut</subfield>
    </datafield>
    <datafield tag="490" ind1="1" ind2=" ">
      <subfield code="a">Van Druten &amp; Bleekers goedkoope bibliotheek voor alle standen : I : 2 ;</subfield>
      <subfield code="v">8-9</subfield>
    </datafield>
    <datafield tag="530" ind1=" " ind2=" ">
      <subfield code="a">Ook beschikbaar in microvorm.</subfield>
    </datafield>
    <datafield tag="700" ind1="1" ind2=" ">
      <subfield code="a">Kreenen, J.J.</subfield>
      <subfield code="q">(Jan Jakob),</subfield>
      <subfield code="d">1813-1891.</subfield>
      <subfield code="1">https://id.oclc.org/worldcat/entity/E39PCjGB4K6jjMD4rDWMK6DXV3</subfield>
    </datafield>
    <datafield tag="700" ind1="1" ind2=" ">
      <subfield code="a">Jurrius, J.</subfield>
    </datafield>
    <datafield tag="830" ind1=" " ind2="0">
      <subfield code="a">Van Druten &amp; Bleekers goedkope bibliotheek voor alle standen, of verzameling van nuttige werken over allerlei vakken van wetenschap door de beste der hedendaagse schrijvers ;</subfield>
      <subfield code="v">8-9.</subfield>
      <subfield code="w">(NL-LeOCL)862288746</subfield>
    </datafield>
    <datafield tag="936" ind1=" " ind2=" ">
      <subfield code="a">BATCHLOAD</subfield>
    </datafield>
  </record>